Art and alienation : The role of the artist in society

Zapisane w:
Opis bibliograficzny
1. autor: Read, Herbert
Format: Książka
Język:Undetermined
Wydane: New York The Viking Press 1967
Hasła przedmiotowe:
Etykiety: Dodaj etykietę
Nie ma etykietki, Dołącz pierwszą etykiete!
Thư viện lưu trữ: Trung tâm Học liệu Trường Đại học Cần Thơ
LEADER 00551nam a2200205Ia 4500
001 CTU_90276
008 210402s9999 xx 000 0 und d
082 |a 701.15 
082 |b R282 
100 |a Read, Herbert 
245 0 |a Art and alienation : 
245 4 |b The role of the artist in society 
245 0 |c Herbert Read 
260 |a New York 
260 |b The Viking Press 
260 |c 1967 
650 |a Artists,Art and society 
650 |x Psychology 
904 |i Nguyên,Hải 
980 |a Trung tâm Học liệu Trường Đại học Cần Thơ